Trésor des proverbes français anciens et modernes / (Record no. 146451)

MARC details
000 -LEADER
campo de control de longitud fija 00605nam a2200193 i 4500
001 - NÚMERO DE CONTROL
campo de control 146451
003 - IDENTIFICADOR DE NÚMERO DE CONTROL
campo de control ES-MaACL
005 - FECHA Y HORA DE LA ÚLTIMA TRANSACCIÓN
campo de control 20251109132615.0
007 - CAMPO FIJO DE DESCRIPCIÓN FÍSICA--INFORMACIÓN GENERAL
campo de control de longitud fija t|
008 - DATOS DE LONGITUD FIJA--INFORMACIÓN GENERAL
campo de control de longitud fija 070910s1934 fr ||||1| fre d
245 00 - MENCIÓN DEL TÍTULO
Título Trésor des proverbes français anciens et modernes /
Mención de responsabilidad, etc. réunis et commentés par le Cte Henri de Vibraye.
260 ## - PUBLICACIÓN, DISTRIBUCIÓN, ETC.
Lugar de publicación, distribución, etc. Paris :
Nombre del editor, distribuidor, etc. É. Hazan,
Fecha de publicación, distribución, etc. 1934.
300 ## - DESCRIPCIÓN FÍSICA
Extensión 433 p. ;
Dimensiones 18 cm.
650 #4 - PUNTO DE ACCESO ADICIONAL DE MATERIA--TÉRMINO DE MATERIA
Término de materia o nombre geográfico como elemento de entrada Refranes y proverbios-
Subdivisión geográfica Francia.
9 (RLIN) 157371
700 1# - ENTRADA AGREGADA--NOMBRE PERSONAL
Nombre de persona Vibraye, Henri de,
Fechas asociadas al nombre 1874-1971
9 (RLIN) 164345
852 ## - LOCALIZACIÓN
Ubicación ES-MaACL
Número de control de estantería A-2892
852 ## - LOCALIZACIÓN
Ubicación ES-MaACL
Número de control de estantería A-2571
Holdings
Estatus retirado Estado de pérdida Estado de daño No para préstamo Biblioteca de origen Biblioteca actual Ubicación en estantería Fecha de adquisición Fuente de adquisición Total de préstamos Signatura topográfica completa Código de barras Visto por última vez Precio de reemplazo Tipo de ítem Koha
        Biblioteca del Ateneo de Madrid Biblioteca del Ateneo de Madrid Sala Pecera Planta 1 17/01/2008     A-2571 1152856 23/02/2023 23/02/2023 Libro impreso
        Biblioteca del Ateneo de Madrid Biblioteca del Ateneo de Madrid Sala Pecera Planta 1 17/01/2008     A-2892 1152855 23/02/2023 23/02/2023 Libro impreso